Celeste Strawberry Jam OST - Statistics

General Stats
  • This quiz has been taken 31 times
  • The average score is 27 of 134
Answer Stats
Answer % Correct
Blueberry Bay
78%
Passionfruit Pantheon
67%
Starfruit Supernova
67%
Mango Mesa
61%
Blueberry Bay (Ebb and Flow Mix)
56%
going on a walk to take my mind off things for a bit
56%
Raspberry Roots
56%
Raspberry Roots (Tree of Life Mix)
50%
Shatter the Pantheon!
50%
Cabinet Madeline - Pumber Edition
44%
Flying Lanterns
44%
Limitless
44%
Passionfruit Pantheon (Apotheosis Mix)
44%
Starfruit Supernova (Pillars of Creation Mix)
44%
Ultraviolet
44%
Impeded
39%
Iridescence
39%
Prelude
39%
Shattersong
39%
Tectonic Trenches
39%
Cyberstrider Madeline
33%
I hope this map has blue grass, too.
33%
kevintechnospam.wav
33%
Mango Mesa (Relics of the Past Mix)
33%
The Squeeze
33%
A Gift from the Stars
28%
Gym Jams
28%
Jaded (PsyCabob)
28%
ORB POWER
28%
Potential for Anything
28%
Sleeping Under Stars
28%
Stasis²
28%
Strawberry Dreamland
28%
Warm Fish
28%
A Maze Without Ends
22%
A Walk Down Strawberry Lane
22%
Azure Caverns
22%
Bees Woo
22%
Bluebird
22%
Cosmic Brain
22%
Cosmic Brain (Shadowdrop Mix)
22%
Forest Path
22%
Garden of Khu‘tara
22%
It Hungers
22%
Library Jams - Bonus
22%
Mauveine
22%
Picnic in the Sky
22%
Starfish
22%
The Crux
22%
uhoh.wav
22%
Event Horizon
17%
Frostbounce
17%
Garden Flight
17%
Glide
17%
Gravity Swinger
17%
Green Star Lake
17%
Hot Dash
17%
Jackhammer Jamboree
17%
Jump To It
17%
Lost and Forgotten
17%
LOVE-LETTER-FOR-YOU.TXT.vbs.wav
17%
Mirror, Mirror (Bonus)
17%
Polarity of Chaos
17%
Rapid Eye Movement
17%
Silly Times Many Slimes
17%
Soup Time
17%
Sunward Stride
17%
Technicolor Jam
17%
Thinking with Intro Crushers
17%
Ultra Hot
17%
Urban Solitude
17%
vacated vessel
17%
Waltz of the Leaves
17%
Welcome to the Jam (Bonus)
17%
Abandoned and Ruined (Bonus)
11%
Auspicious
11%
Azurite Ascent (Bonus)
11%
Badededeline
11%
Clifftop Bob (Ca-Ceph)
11%
Cold Rush
11%
Dusk City
11%
Enclosed Departure
11%
Every Level Has a Silver Lining
11%
Forever, In Time
11%
Freestyle Forest
11%
Frootopia
11%
Gadgetry Imbued
11%
Heart of the Cards
11%
Heart of the Problem
11%
Hive Flight
11%
Lunar Pagoda
11%
Macabre Manufactory
11%
Magmaline‘s Castle
11%
Megamadeline
11%
Monostable
11%
Ohm
11%
On a Night of Crimson Wind
11%
Open Embrace
11%
pinpoint
11%
Pipe Dream
11%
Puffed Out
11%
Silence of the Abyss
11%
Starlight Dash
11%
Superway
11%
Symphony in the Dark
11%
The Flying Madeline
11%
Unwinding
11%
Virtual Reality
11%
Bounded by Thoughts
6%
Celestial Void
6%
Clear Skies
6%
Clear Skies - Night Version
6%
Cold Gray Stones
6%
Decrypt
6%
Exquisite Corpse - Bonus
6%
Glitchy
6%
Gothic Sprockets - Bonus
6%
Home on the Range
6%
Horizon
6%
In Spire
6%
jellyfish RE: (construct)
6%
Low-G Botany
6%
Madeline is Jump
6%
Microchasm
6%
Running in Storms
6%
Vacate the Ground State
6%
Wandering Droplets
6%
wooosh - Bonus
6%
Bed of Thorns
0%
Derelict City
0%
Dream Fissure
0%
Out of Time
0%
Overgrown Castle
0%
Stepped on Violets
0%
No matching quizzes found
Score Distribution
Percent of People with Each Score
Percentile by Number Answered
Your Score History
You have not taken this quiz